| 000 | 00479nam a2200145 a 4500 | ||
|---|---|---|---|
| 001 | 000030919 | ||
| 005 | 20200930062605.0 | ||
| 008 | 110607s1942 ag 000 0 spa d | ||
| 040 |
_aDO-SdBNP _bspa _cBNPHU |
||
| 100 | 1 |
_aSánchez Reulet, Aníbal. _957438 |
|
| 245 | 1 | 0 |
_aRaíz y destino de la filosofía / _cAníbal Sánchez Reulet. |
| 260 |
_a[Tucumán] : _bUniversidad nacional de Tucumán, Facultad de filosofía y letras, _c1942. |
||
| 300 |
_a55 p. ; _c23 cm. |
||
| 049 | _aBNPD | ||
| 999 |
_c30411 _d30411 |
||